| 000 -LEADER |
| fixed length control field |
00913nam a2200241 a 4500 |
| 003 - CONTROL NUMBER IDENTIFIER |
| control field |
AR-BaISA |
| 005 - DATE AND TIME OF LATEST TRANSACTION |
| control field |
20260410094858.0 |
| 007 - PHYSICAL DESCRIPTION FIXED FIELD--GENERAL INFORMATION |
| fixed length control field |
ta |
| 008 - FIXED-LENGTH DATA ELEMENTS--GENERAL INFORMATION |
| fixed length control field |
260410s2011 ag ||||f |||| 000 0 spa d |
| 020 ## - INTERNATIONAL STANDARD BOOK NUMBER |
| International Standard Book Number |
978987115573134 |
| 040 ## - CATALOGING SOURCE |
| Language of cataloging |
spa |
| Transcribing agency |
AR-BaISA |
| 082 04 - DEWEY DECIMAL CLASSIFICATION NUMBER |
| Edition number |
22 |
| Classification number |
614.1 Al71 |
| 100 ## - MAIN ENTRY--PERSONAL NAME |
| 9 (RLIN) |
3929 |
| Personal name |
Altube, José Luis |
| Relator term |
aut. |
| 245 10 - TITLE STATEMENT |
| Title |
Manual de técnica pericial para médicos: |
| Remainder of title |
modelos de escritos, diagramas / |
| Statement of responsibility, etc. |
José Luis Altube, Daniel Adalberto Battani, Verónica Andrea Galeano |
| 250 ## - EDITION STATEMENT |
| Edition statement |
2° ed. corr. y aum. |
| 260 ## - PUBLICATION, DISTRIBUTION, ETC. |
| Place of publication, distribution, etc. |
Buenos Aires: |
| Name of publisher, distributor, etc. |
Dosyuna, |
| Date of publication, distribution, etc. |
2011 |
| 300 ## - PHYSICAL DESCRIPTION |
| Extent |
292 p. |
| 505 ## - FORMATTED CONTENTS NOTE |
| Title |
Peritos de oficio -- |
| -- |
Informe pericial -- |
| -- |
Peritos de parte -- |
| -- |
Informática y tecnología en la tarea pericial -- |
| -- |
Modelos de escritos |
| 650 14 - SUBJECT ADDED ENTRY--TOPICAL TERM |
| 9 (RLIN) |
399 |
| Topical term or geographic name entry element |
Medicina legal |
| 700 ## - ADDED ENTRY--PERSONAL NAME |
| 9 (RLIN) |
3930 |
| Personal name |
Battani, Daniel Adalberto |
| Relator term |
aut. |
| 700 ## - ADDED ENTRY--PERSONAL NAME |
| 9 (RLIN) |
3931 |
| Personal name |
Galeano, Verónica Andrea |
| Relator term |
aut. |
| 942 ## - ADDED ENTRY ELEMENTS (KOHA) |
| Source of classification or shelving scheme |
|
| Koha item type |
Libros |
| Edition |
22 |